Gym Class Heroes Discography - Statistics

General Stats
  • This quiz has been taken 6 times
  • The average score is 4 of 9
Answer Stats
Year Name Type % Correct
2004 The Papercut EP
100%
2005 The Papercut Chronicles Album
100%
2011 The Papercut Chronicles II Album
100%
2006 As Cruel as School Children Album
50%
2001 ...For the Kids Album
50%
2000 Greasy Kid Stuff Demo Album
0%
1999 Hed Candy Demo Album
0%
2008 Patches from the Quilt EP
0%
2008 The Quilt Album
0%
No matching quizzes found
Score Distribution
Percent of People with Each Score
Percentile by Number Answered
Your Score History
You have not taken this quiz